| 000 | 00596 a2200157 4500 | ||
|---|---|---|---|
| 003 | Nust | ||
| 005 | 20170207154035.0 | ||
| 040 | _cNust | ||
| 082 | _a621.3822 | ||
| 245 | _aDevices and basic circuits (Part-I) - (E-BOOK) | ||
| 260 | _aNew York | ||
| 300 | _a1648 p. | ||
| 505 | _aChapter 1 Signals And Amplifiers(Page-4), Chapter 2 Operational Amplifiers (Page-52), Chapter 3 Semiconductors (Page-124), Chapter 4 Diodes (Page-164), Chapter 5 Mos Field-Effect Transistors (Mosfets) (Page-230), Chapter 6 Bipolar Junction Transistors (Bjts) (Page-350). | ||
| 650 | _aBasic circuits | ||
| 651 | _aE-BOOK | ||
| 942 |
_2ddc _cBK |
||
| 999 |
_c192357 _d192357 |
||